Violenta pureza /
Tallennettuna:
| Päätekijä: | |
|---|---|
| Muut tekijät: | , |
| Aineistotyyppi: | Kirja |
| Kieli: | espanja |
| Julkaistu: |
México :
Consejo Nacional de Recursos para la Atención de la Juventud,
1988, c1988
|
| Sarja: | (Cuadernos de la Orquesta ;
14) |
| Aiheet: | |
| Tagit: |
Ei tageja, Lisää ensimmäinen tagi!
|
MARC
| LEADER | 00000nam^a2200000^a^4500 | ||
|---|---|---|---|
| 001 | 000168386 | ||
| 005 | 20250521000000.0 | ||
| 009 | 20260310101158.465 | ||
| 020 | |a 968-854-030-7 | ||
| 037 | |a Acervo ITESO - Biblioteca | ||
| 041 | |a ESP | ||
| 082 | |a 701. 06 |b LAR BOU | ||
| 100 | |a Lara, Magali |e (autor) | ||
| 245 | 1 | 0 | |a Violenta pureza / |c M. Lara ; texto de C. Boullosa, E. Vázquez Martín. |
| 264 | 4 | |a México : |b Consejo Nacional de Recursos para la Atención de la Juventud, |c 1988, c1988 | |
| 300 | |a 60 p. | ||
| 336 | |a texto |b txt |2 rdacontenido | ||
| 337 | |a sin mediación |b n |2 rdamedio | ||
| 338 | |a volumen |b nc |2 rdasoporte | ||
| 440 | 1 | |a (Cuadernos de la Orquesta ; |v 14) | |
| 649 | |a XX | ||
| 650 | |a Libros de Artista | ||
| 650 | |a Dibujo - |z México | ||
| 650 | |a Arte Mexicano - |y Siglo XX | ||
| 650 | |a Poesía Mexicana | ||
| 650 | |a Literatura Mexicana - |y Siglo XX | ||
| 650 | |a Literatura de Mujeres - |z México | ||
| 600 | |a Lara, Magali | ||
| 700 | |a Boullosa, Carmen |e (texto) | ||
| 700 | |a Vázquez Martín, Eduardo |e (texto) | ||
| 910 | |a Fondo General | ||
| 920 | |a Impresos - Libros | ||
| 930 | |a Colección General | ||
| 905 | |a 101 | ||
| 901 | |a 0500016074 |b IT1 |c ACC |u 20250521 | ||
| 902 | |a https://opac.biblio.iteso.mx/vufind/Record/000168386 | ||